AH International Schools' Libraries

Island tour (KHMER) / (Record no. 50312)

MARC details
000 -LEADER
fixed length control field 00245nam a2200097 4500
100 ## - MAIN ENTRY--PERSONAL NAME
Personal name Nguon, Sakal
9 (RLIN) 86302
245 ## - TITLE STATEMENT
Title Island tour (KHMER) /
Statement of responsibility, etc Sakal Nguon
260 ## - PUBLICATION, DISTRIBUTION, ETC. (IMPRINT)
Place of publication, distribution, etc Cambodia
Name of publisher, distributor, etc PDH
Date of publication, distribution, etc 2025
300 ## - PHYSICAL DESCRIPTION
Extent 8 p.
Other physical details col. ill.
Dimensions 27 cm.
942 ## - ADDED ENTRY ELEMENTS (KOHA)
Source of classification or shelving scheme
Koha item type Book
Holdings
Withdrawn status Lost status Source of classification or shelving scheme Damaged status Not for loan Collection code Home library Current library Shelving location Date acquired Total Checkouts Full call number Barcode Date last seen Price effective from Koha item type
          Siem Riep Asian Hope Early Years Library Asian Hope Early Years Library Easy Reading 03/25/2026   KHMER E NGU 209509 03/25/2026 03/25/2026 Book

For any Logos Library related questions please contact Miss Art at swongnarasuk@asianhope.org.

For any Asian Hope Library related questions please contact Miss Raza at graza@asianhope.org.

Click here to explore our ebooks!

Powered by Koha